VXYZ States Blitz Quiz Stats

 Plays Quiz not verified by Sporcle

Challenge
Share
Tweet
Embed
Score 0/14 Timer 01:00
0 Plays Today
Letter State % Correct
VVirginia
84.8%
XTexas
83.4%
VVermont
77.2%
XNew Mexico
77.2%
YNew York
77.2%
VWest Virginia
75.3%
ZArizona
71.1%
Letter State % Correct
YWyoming
65%
VNevada
64.6%
YNew Jersey
57.1%
YKentucky
57.1%
VPennsylvania
48%
YPennsylvania
48%
YMaryland
38.5%

You're not logged in!

Compare scores with friends on all Sporcle quizzes.
OR
Log In

You Might Also Like...

Show Comments

Extras

Top Quizzes Today


Score Distribution

Your Account Isn't Verified!

In order to create a playlist on Sporcle, you need to verify the email address you used during registration. Go to your Sporcle Settings to finish the process.

Report this User

Report this user for behavior that violates our Community Guidelines.

Details: